Growth of ideas; knowledge, thought, imagination / (Record no. 136806)

MARC details
000 -LEADER
fixed length control field 00656nam a2200217 4500
010 ## - LIBRARY OF CONGRESS CONTROL NUMBER
LC control number 458028
035 ## - SYSTEM CONTROL NUMBER
System control number 458028
037 ## - SOURCE OF ACQUISITION
Source of stock number/acquisition Cen Lib / Ret
040 ## - CATALOGING SOURCE
Original cataloging agency DPL
Language of cataloging EN
082 ## - DEWEY DECIMAL CLASSIFICATION NUMBER
Classification number 000
Item number HUX
245 ## - TITLE STATEMENT
Title Growth of ideas; knowledge, thought, imagination /
Statement of responsibility, etc edited by Julian Huxley... [et al]
260 ## - PUBLICATION, DISTRIBUTION, ETC. (IMPRINT)
Place of publication, distribution, etc London
Name of publisher, distributor, etc Macdonald
Date of publication, distribution, etc 1965
270 ## - ADDRESS
Address 2 Portman Street
City London
300 ## - PHYSICAL DESCRIPTION
Extent v 365p
Other physical details 27cm(BH)
490 ## - SERIES STATEMENT
Series statement Macdonald illustrated library
Volume number/sequential designation v. 10.
650 ## - SUBJECT ADDED ENTRY--TOPICAL TERM
Topical term or geographic name as entry element Philosophy -- Pictorial works.
650 ## - SUBJECT ADDED ENTRY--TOPICAL TERM
Topical term or geographic name as entry element Philosophy -- History.
650 ## - SUBJECT ADDED ENTRY--TOPICAL TERM
Topical term or geographic name as entry element Philosophy.
700 ## - ADDED ENTRY--PERSONAL NAME
Personal name Huxley, Julian
942 ## - ADDED ENTRY ELEMENTS (KOHA)
Source of classification or shelving scheme Dewey Decimal Classification
Koha item type English Books
Classification part 000
Call number suffix HUX
Holdings
Withdrawn status Lost status Damaged status Not for loan Home library Current library Date acquired Source of acquisition Total Checkouts Full call number Barcode Date last seen Copy number Price effective from Koha item type
        Central Library Central Library 09/03/2016 Cen Lib/Ret   000 HUX 458028 09/03/2016 1 09/03/2016 English Books

© Delhi Public Library
Hit Counter
free hit counter